Report of the Minimum Wages Committee for Employment in Oil Mills in the state of Madhya Pradesh (Record no. 489598)

000 -LEADER
fixed length control field 00547cam a22001457a 4500
008 - FIXED-LENGTH DATA ELEMENTS--GENERAL INFORMATION
fixed length control field 180718b1967 xxu||||| |||| 00| 0 eng d
082 ## - DEWEY DECIMAL CLASSIFICATION NUMBER
Classification number R23x5442 M264 O
100 ## - MAIN ENTRY--PERSONAL NAME
Personal name Madhya Pradesh. Minimum Wages Committee for Employment in Oil Mills
245 ## - TITLE STATEMENT
Title Report of the Minimum Wages Committee for Employment in Oil Mills in the state of Madhya Pradesh
Statement of responsibility, etc. by Labour Department
260 ## - PUBLICATION, DISTRIBUTION, ETC.
Place of publication, distribution, etc. Indore
Name of publisher, distributor, etc. The author
Date of publication, distribution, etc. 1967
300 ## - PHYSICAL DESCRIPTION
Extent 26p.
500 ## - GENERAL NOTE
General note Chairman: D.D. Verma
700 ## - ADDED ENTRY--PERSONAL NAME
Personal name Madhya Pradesh. Labour Department
700 ## - ADDED ENTRY--PERSONAL NAME
Personal name Verma, D.D., Chairman
Holdings
Withdrawn status Lost status Damaged status Not for loan Permanent Location Current Location Date acquired Full call number Barcode Date last seen Price effective from Koha item type
        Indian Institute of Public Administration Indian Institute of Public Administration 2018-08-04 R23x5442 M264 O GG9784 2018-08-04 2018-08-04 GG

Powered by Koha